| 000 | 00386nam a2200133Ia 4500 | ||
|---|---|---|---|
| 008 | 231129s9999||||xx |||||||||||||| ||spa|| | ||
| 020 | _a958-14-0276-4 | ||
| 040 | _bspa | ||
| 082 | _aCo863.44 P348t | ||
| 100 | _aPaz Otero Víctor | ||
| 245 | 0 | _aEl tiempo de la culpa | |
| 264 | _aSantafé de Bogotá Colombia: Plaza & Janes | ||
| 942 |
_2ddc _cBKS |
||
| 999 |
_c12551 _d12551 |
||